[Event "Francophone-ch rapid 3rd"]
[Site "Geneve"]
[Date "2016.07.02"]
[Round "2"]
[White "Landenbergue, Claude"]
[Black "Lacrosse, Marc"]
[Result "1-0"]
[WhiteElo "2346"]
[BlackElo "2225"]
[PlyCount "37"]
[EventDate "2016.07.02"]
[EventType "swiss (rapid)"]
[EventRounds "15"]
[EventCountry "SUI"]
[SourceTitle "CBM 173 Extra"]
[Source "ChessBase"]
[SourceDate "2016.08.29"]
[SourceVersion "1"]
[SourceVersionDate "2016.08.29"]
[SourceQuality "1"]

1. c4 e6 2. Nf3 d5 3. d4 Nf6 4. Nc3 Nbd7 5. Bf4 dxc4 6. e3 a6 7. a4 Bd6 8. Bg3 Bxg3 9. hxg3 b6 10. Bxc4 Bb7 11. Qe2 Qe7 12. Rd1 e5 13. 0-0 0-0 14. Ba2 h6 15. Nh4 Rfe8 16. Nf5 Qf8 17. Qc4 Rac8 18. Rfe1 e4 19. b4 1-0

[Event "Francophone-ch rapid 3rd"]
[Site "Geneve"]
[Date "2016.07.02"]
[Round "5"]
[White "Vernay, Clovis"]
[Black "Landenbergue, Claude"]
[Result "1/2-1/2"]
[WhiteElo "2507"]
[BlackElo "2346"]
[PlyCount "116"]
[EventDate "2016.07.02"]
[EventType "swiss (rapid)"]
[EventRounds "15"]
[EventCountry "SUI"]
[SourceTitle "CBM 173 Extra"]
[Source "ChessBase"]
[SourceDate "2016.08.29"]
[SourceVersion "1"]
[SourceVersionDate "2016.08.29"]
[SourceQuality "1"]

1. d4 Nf6 2. c4 e6 3. Nc3 Bb4 4. Qc2 d5 5. Nf3 Ne4 6. Nd2 f5 7. e3 c6 8. Ndxe4 fxe4 9. Bd2 Ba5 10. Be2 Nd7 11. 0-0 0-0 12. Rac1 Nf6 13. f3 exf3 14. Rxf3 Bd7 15. Rcf1 Qe7 16. Bd3 Rae8 17. Nxd5 exd5 18. Bxa5 Bg4 19. R3f2 Qxe3 20. Bb4 Rf7 21. Qd2 Qxd2 22. Bxd2 Be6 23. c5 Ne4 24. Bxe4 dxe4 25. Rxf7 Bxf7 26. Be3 Bxa2 27. Ra1 Bc4 28. Rxa7 Ba6 29. b4 Rf8 30. h4 Rf1+ 31. Kh2 Rd1 32. Ra8+ Kf7 33. Kg3 Rd3 34. Kf4 Rb3 35. Kxe4 Rxb4 36. Rd8 Bc4 37. Rd7+ Kf8 38. Bf4 Bd5+ 39. Ke5 Bxg2 40. h5 h6 41. Rd8+ Ke7 42. Rc8 Bf3 43. Rc7+ Kf8 44. Kf5 Bxh5 45. Be5 Bf7 46. Rc8+ Be8 47. Rc7 Bf7 48. Rc8+ Ke7 49. Rc7+ Ke8 50. Bxg7 Rb1 51. Bxh6 Bd5 52. Bf4 b5 53. cxb6 Rxb6 54. Bd6 Rb1 55. Re7+ Kd8 56. Rg7 Re1 57. Be5 Rf1+ 58. Kg5 Ke8 1/2-1/2

[Event "SUI-chT"]
[Site "Switzerland"]
[Date "2016.06.11"]
[Round "4.6"]
[White "Jenni, Florian"]
[Black "Landenbergue, Claude"]
[Result "1/2-1/2"]
[WhiteElo "2453"]
[BlackElo "2349"]
[PlyCount "110"]
[EventDate "2016.03.20"]
[EventType "team-tourn"]
[EventRounds "9"]
[EventCountry "SUI"]
[SourceTitle "EXT 2017"]
[Source "ChessBase"]
[SourceDate "2016.10.25"]
[SourceVersion "1"]
[SourceVersionDate "2016.10.25"]
[SourceQuality "1"]
[WhiteTeam "Winterthur"]
[BlackTeam "Geneve"]
[WhiteTeamCountry "SUI"]
[BlackTeamCountry "SUI"]

1. e4 c5 2. Nf3 Nf6 3. e5 Nd5 4. d4 cxd4 5. Qxd4 e6 6. Bc4 Nc6 7. Qe4 f5 8. Qe2 Nde7 9. 0-0 Ng6 10. Bb3 a6 11. Nbd2 b5 12. a4 Rb8 13. axb5 axb5 14. Re1 Be7 15. c3 0-0 16. g3 Qc7 17. h4 b4 18. c4 Bb7 19. h5 Nh8 20. Bc2 Nf7 21. b3 Ra8 22. Bb2 Bc5 23. Nf1 Nh6 24. N1h2 Rxa1 25. Rxa1 Qb6 26. Rf1 Nb8 27. Bc1 Ng4 28. Nxg4 fxg4 29. Ng5 h6 30. Ne4 Rf3 31. Kh2 Nc6 32. Bb2 Ne7 33. Nd6 Bxd6 34. exd6 Nf5 35. Bd1 Qc6 36. Rg1 Qc5 37. Rg2 Qc6 38. Rg1 Qxd6 39. Qe1 Rd3 40. Bxg4 Nd4 41. Bxd4 Rxd4 42. Kh3 Rd3 43. Qb1 Qd4 44. Qe1 Qf6 45. Qxb4 Bf3 46. Qb8+ Kh7 47. Qf4 Qxf4 48. gxf4 Rxb3 49. Rg3 Bxg4+ 50. Kxg4 Rb4 51. Rd3 Rxc4 52. Rxd7 e5 53. Rf7 Kg8 54. Rf5 exf4 55. Rxf4 Rc5 1/2-1/2

[Event "EU-Cup 31st"]
[Site "Skopje"]
[Date "2015.10.20"]
[Round "3.5"]
[White "Landenbergue, Claude"]
[Black "Gokerkan, Cem Kaan"]
[Result "1-0"]
[WhiteElo "2353"]
[BlackElo "2237"]
[PlyCount "33"]
[EventDate "2015.10.18"]
[EventType "team-swiss"]
[EventRounds "7"]
[EventCountry "MKD"]
[SourceTitle "CBM 169"]
[Source "ChessBase"]
[SourceDate "2015.11.10"]
[SourceVersion "1"]
[SourceVersionDate "2015.11.10"]
[SourceQuality "1"]
[WhiteTeam "Geneve"]
[BlackTeam "Basiktas"]
[WhiteTeamCountry "SUI"]
[BlackTeamCountry "TUR"]

1. Nf3 Nf6 2. c4 g6 3. g3 Bg7 4. Bg2 0-0 5. d4 d6 6. 0-0 Nbd7 7. Nc3 e5 8. e4 exd4 9. Nxd4 Re8 10. h3 a6 11. Rb1 Rb8 12. b3 c5 13. Nc2 b5 14. Qxd6 b4 15. Na4 Nxe4 16. Bxe4 Rxe4 17. Bf4 1-0

[Event "SUI-chT"]
[Site "Switzerland"]
[Date "2015.05.31"]
[Round "4.5"]
[White "Landenbergue, Claude"]
[Black "Vianin, Pascal"]
[Result "1-0"]
[WhiteElo "2366"]
[BlackElo "2222"]
[PlyCount "87"]
[EventDate "2015.03.29"]
[EventType "team-tourn"]
[EventRounds "9"]
[EventCountry "SUI"]
[SourceTitle "EXT 2016"]
[Source "ChessBase"]
[SourceDate "2015.10.08"]
[SourceVersion "1"]
[SourceVersionDate "2015.10.08"]
[SourceQuality "1"]
[WhiteTeam "Geneve"]
[BlackTeam "Echallens"]
[WhiteTeamCountry "SUI"]
[BlackTeamCountry "SUI"]

1. c4 Nf6 2. Nc3 e6 3. Nf3 Bb4 4. Qb3 Nc6 5. a3 Bxc3 6. Qxc3 0-0 7. b4 d5 8. Bb2 e5 9. e3 d4 10. Qc2 Re8 11. c5 Bg4 12. Bc4 Qd7 13. Ng5 Bh5 14. Ne4 Nxe4 15. Qxe4 Bg6 16. Qf3 e4 17. Qf4 Rad8 18. 0-0 Ne5 19. Be2 d3 20. Bd1 Qf5 21. Qh4 f6 22. Bc3 Qg5 23. Qg3 Qxg3 24. hxg3 Bf7 25. f3 Bd5 26. g4 b6 27. Rc1 bxc5 28. Bxe5 Rxe5 29. Rxc5 Re7 30. Ba4 Kf8 31. Kf2 Rd6 32. Rfc1 c6 33. Bxc6 Bxc6 34. Rxc6 Rdd7 35. R1c4 Kf7 36. fxe4 Kg6 37. Kf3 Re5 38. R4c5 Rde7 39. Rxe5 Rxe5 40. Rc5 Kf7 41. Rc7+ Re7 42. Rxe7+ Kxe7 43. e5 fxe5 44. Ke4 1-0

[Event "EU-Cup 29th"]
[Site "Rhodes"]
[Date "2013.10.24"]
[Round "5.3"]
[White "Landenbergue, Claude"]
[Black "Dolzhikova, Olga"]
[Result "1-0"]
[WhiteElo "2393"]
[BlackElo "2237"]
[PlyCount "69"]
[EventDate "2013.10.20"]
[EventType "team-swiss"]
[EventRounds "7"]
[EventCountry "GRE"]
[SourceTitle "CBM 157"]
[Source "ChessBase"]
[SourceDate "2013.11.12"]
[SourceVersion "1"]
[SourceVersionDate "2013.11.12"]
[SourceQuality "1"]
[WhiteTeam "Geneve"]
[BlackTeam "Oslo"]
[WhiteTeamCountry "SUI"]
[BlackTeamCountry "NOR"]

1. Nf3 Nf6 2. c4 e6 3. g3 b6 4. Bg2 Bb7 5. 0-0 Be7 6. b3 d5 7. Bb2 c5 8. e3 Nc6 9. cxd5 exd5 10. d4 0-0 11. Nc3 Rc8 12. Rc1 Ba6 13. Re1 c4 14. Ne5 Na5 15. bxc4 Nxc4 16. Ba1 b5 17. Qb3 Na5 18. Qd1 b4 19. Ne2 Bc4 20. Nf4 Qb6 21. Nxc4 dxc4 22. e4 b3 23. e5 b2 24. Bxb2 Qxb2 25. exf6 Bxf6 26. Nd5 Bd8 27. Rc2 Qa3 28. Qg4 Rb8 29. Qd7 Nb7 30. Rxc4 Qxa2 31. Rcc1 Na5 32. Re8 Bb6 33. Rcc8 Rxc8 34. Qxc8 Qa1+ 35. Bf1 1-0

[Event "Syre Memorial op 36th"]
[Site "Issy les Moulineaux"]
[Date "2013.05.12"]
[Round "6"]
[White "Landenbergue, Claude"]
[Black "Kambrath, Yannick"]
[Result "1-0"]
[WhiteElo "2391"]
[BlackElo "2266"]
[PlyCount "59"]
[EventDate "2013.05.08"]
[EventType "swiss"]
[EventRounds "7"]
[EventCountry "FRA"]
[SourceTitle "EXT 2015"]
[Source "ChessBase"]
[SourceDate "2014.11.20"]
[SourceVersion "1"]
[SourceVersionDate "2014.11.20"]
[SourceQuality "1"]

1. e4 c5 2. Nf3 e6 3. c3 Nf6 4. e5 Nd5 5. d4 cxd4 6. cxd4 d6 7. Bc4 Be7 8. 0-0 0-0 9. Re1 Nc6 10. exd6 Qxd6 11. Nc3 Nxc3 12. bxc3 b6 13. Ng5 e5 14. dxe5 Nxe5 15. Qxd6 Bxd6 16. Bd5 Rb8 17. Bf4 h6 18. Nxf7 Nf3+ 19. gxf3 Bxf4 20. Ne5+ Kh7 21. Be4+ Kg8 22. Ng6 Rf6 23. Bd5+ Kh7 24. Nxf4 Rxf4 25. Re8 Rf6 26. Rae1 Rg6+ 27. Kh1 Bh3 28. Bg8+ Kh8 29. Bf7+ Rxe8 30. Rxe8+ 1-0

[Event "Syre Memorial op 36th"]
[Site "Issy les Moulineaux"]
[Date "2013.05.08"]
[Round "1"]
[White "Rodriguez, Adrien"]
[Black "Landenbergue, Claude"]
[Result "0-1"]
[WhiteElo "2041"]
[BlackElo "2391"]
[PlyCount "82"]
[EventDate "2013.05.08"]
[EventType "swiss"]
[EventRounds "7"]
[EventCountry "FRA"]
[SourceTitle "EXT 2015"]
[Source "ChessBase"]
[SourceDate "2014.11.20"]
[SourceVersion "1"]
[SourceVersionDate "2014.11.20"]
[SourceQuality "1"]

1. d4 Nf6 2. Nf3 d6 3. c4 g6 4. Nc3 Bg7 5. Bg5 c6 6. h3 0-0 7. e3 a6 8. Bd3 b5 9. b3 Nbd7 10. 0-0 h6 11. Bh4 Bb7 12. Rc1 b4 13. Ne2 e5 14. Nd2 exd4 15. exd4 c5 16. d5 Re8 17. Bg3 Qe7 18. Nf4 Ne5 19. Bc2 a5 20. Re1 Qf8 21. Nd3 Nfd7 22. Nxe5 Nxe5 23. Nf3 Nd7 24. Qd3 Bc3 25. Rxe8 Rxe8 26. Bf4 Bc8 27. g4 Nf6 28. Bd2 Ne4 29. Be3 Bg7 30. Re1 Nc3 31. Bb1 f5 32. Nh2 Be5 33. Nf1 Qf6 34. Bd2 Nxb1 35. Qxb1 fxg4 36. hxg4 Bxg4 37. Qd3 Rf8 38. Be3 Bc3 39. Rc1 Bf5 40. Qe2 Qh4 41. Qf3 Be4 0-1

[Event "SUI-chT"]
[Site "Switzerland"]
[Date "2012.06.24"]
[Round "5.8"]
[White "Landenbergue, Claude"]
[Black "Paehtz, Thomas Sr"]
[Result "1/2-1/2"]
[WhiteElo "2396"]
[BlackElo "2351"]
[PlyCount "118"]
[EventDate "2012.03.18"]
[EventType "team-tourn"]
[EventRounds "9"]
[EventCountry "SUI"]
[SourceTitle "EXT 2013"]
[Source "ChessBase"]
[SourceDate "2012.11.22"]
[SourceVersion "1"]
[SourceVersionDate "2012.11.22"]
[SourceQuality "1"]
[WhiteTeam "Geneve"]
[BlackTeam "Reti"]
[WhiteTeamCountry "SUI"]
[BlackTeamCountry "SUI"]

1. e4 e6 2. Nf3 d5 3. Nc3 Nf6 4. e5 Nfd7 5. d4 c5 6. dxc5 Nc6 7. Bf4 Bxc5 8. Bd3 f6 9. exf6 Nxf6 10. 0-0 0-0 11. Qd2 a6 12. Rae1 Nh5 13. Bg3 Nxg3 14. hxg3 Be7 15. Rd1 Bf6 16. a3 Bd7 17. Rfe1 Rc8 18. Qc1 b5 19. Bf1 Qb6 20. Ne2 Ne5 21. Nf4 Ng4 22. Nh3 Rcd8 23. c3 Bc8 24. Bd3 e5 25. Bb1 Kh8 26. Qd2 g6 27. Ba2 e4 28. Nd4 Ne5 29. Nf4 Bg5 30. Qe3 Nd3 31. Rxd3 Bxf4 32. gxf4 exd3 33. Qxd3 Qf6 34. g3 Rfe8 35. Re5 Bb7 36. Qe3 Rxe5 37. fxe5 Qe7 38. Bb1 Rf8 39. Bd3 Bc8 40. Kg2 Re8 41. f4 Qd7 42. Be2 Qh3+ 43. Kg1 Bf5 44. Bf1 Qg4 45. Be2 Qh3 46. Bf1 Qg4 47. Kf2 Qd1 48. Qe2 Qb1 49. Qd2 Be4 50. Bg2 Bxg2 51. Kxg2 g5 52. f5 Qe4+ 53. Kh2 Qxe5 54. Qxg5 Rg8 55. Qh4 Rc8 56. Qh6 Rg8 57. Qh4 Rc8 58. Qh6 Rg8 59. Qh4 Rc8 1/2-1/2

[Event "SUI-chT"]
[Site "Switzerland"]
[Date "2011.08.27"]
[Round "6.4"]
[White "Zueger, Beat"]
[Black "Landenbergue, Claude"]
[Result "1/2-1/2"]
[WhiteElo "2417"]
[BlackElo "2398"]
[PlyCount "101"]
[EventDate "2011.02.27"]
[EventType "team-tourn"]
[EventRounds "9"]
[EventCountry "SUI"]
[SourceTitle "EXT 2012"]
[Source "ChessBase"]
[SourceDate "2011.11.24"]
[SourceVersion "1"]
[SourceVersionDate "2011.11.24"]
[SourceQuality "1"]
[WhiteTeam "Luzern"]
[BlackTeam "Geneve"]
[WhiteTeamCountry "SUI"]
[BlackTeamCountry "SUI"]

1. Nf3 d5 2. c4 d4 3. b4 c5 4. g3 f6 5. bxc5 e5 6. d3 Bxc5 7. Nbd2 Ne7 8. Ba3 Na6 9. Bxc5 Nxc5 10. Bg2 Bd7 11. 0-0 0-0 12. Nb3 Qc7 13. Nxc5 Qxc5 14. Nd2 Rab8 15. Ne4 Qc7 16. Qb3 Be6 17. Qa3 b6 18. Nd6 Nc8 19. Nb5 Qd7 20. f4 Rd8 21. fxe5 fxe5 22. Rab1 h6 23. Rf2 a5 24. Be4 Na7 25. Nxa7 Qxa7 26. Bg6 Qc7 27. Rb5 Qd6 28. Qxd6 Rxd6 29. Be4 Rc8 30. Rxe5 Rc5 31. Rxc5 bxc5 32. Bf5 Bf7 33. Kg2 g6 34. Be4 Kg7 35. e3 dxe3 36. Re2 Rb6 37. Kf3 Kf6 38. Kxe3 a4 39. Rf2+ Ke7 40. Kf4 a3 41. Ke3 Rb2 42. Bf3 Kd6 43. Bd1 Rxf2 44. Kxf2 g5 45. Ke3 Ke5 46. Ba4 Be6 47. Be8 Bf5 48. Bc6 Be6 49. Be8 Bf5 50. Bc6 Be6 51. Be8 1/2-1/2

[Event "SUI-chT"]
[Site "Switzerland"]
[Date "2011.06.26"]
[Round "5.6"]
[White "Brendel, Oliver"]
[Black "Landenbergue, Claude"]
[Result "0-1"]
[WhiteElo "2370"]
[BlackElo "2380"]
[PlyCount "140"]
[EventDate "2011.02.27"]
[EventType "team-tourn"]
[EventRounds "9"]
[EventCountry "SUI"]
[SourceTitle "EXT 2012"]
[Source "ChessBase"]
[SourceDate "2011.11.24"]
[SourceVersion "1"]
[SourceVersionDate "2011.11.24"]
[SourceQuality "1"]
[WhiteTeam "Riehen"]
[BlackTeam "Geneve"]
[WhiteTeamCountry "SUI"]
[BlackTeamCountry "SUI"]

1. e4 c5 2. Nf3 Nf6 3. Nc3 Nc6 4. Bb5 Qc7 5. 0-0 Nd4 6. Re1 a6 7. Bf1 Ng4 8. g3 Nxf3+ 9. Qxf3 Ne5 10. Qe3 e6 11. b3 Be7 12. Bb2 0-0 13. f4 Nc6 14. Nd5 Qd8 15. Nxe7+ Qxe7 16. c3 e5 17. fxe5 Nxe5 18. d4 Ng4 19. Qf4 d6 20. h3 Nh6 21. g4 f6 22. Rad1 Nf7 23. a4 Be6 24. b4 cxb4 25. cxb4 Rac8 26. Rc1 Bb3 27. a5 Qd7 28. Qg3 Qa4 29. Rc3 Be6 30. d5 Bd7 31. Ra3 Qxb4 32. Rb3 Qxa5 33. Rxb7 Bb5 34. Bxb5 axb5 35. Qe3 Rc2 36. Bd4 Qd2 37. Qxd2 Rxd2 38. Bc3 Rd3 39. Bb4 Rb3 40. Rxb5 Ne5 41. Rd1 Re8 42. Kf1 Nd3 43. Bxd6 Rxb5 44. Rxd3 Rxe4 45. Bg3 Rbb4 46. Bf2 Kf7 47. d6 Ke8 48. Kg2 Kd7 49. Bg3 Re2+ 50. Kf3 Reb2 51. Rc3 R2b3 52. Rxb3 Rxb3+ 53. Kg2 Ke6 54. Bf4 g5 55. Bg3 Rd3 56. Kf2 Rxg3 57. Kxg3 Kxd6 58. Kf3 Kd5 59. Ke3 Ke5 60. Kf3 Kd4 61. Kf2 Ke4 62. Kg2 Ke3 63. Kg3 Ke2 64. Kg2 Ke1 65. Kg1 Ke2 66. Kg2 h6 67. Kg3 Kf1 68. Kf3 Kg1 69. Kg3 Kh1 70. h4 gxh4+ 0-1

[Event "FRA-chT1 1011"]
[Site "France"]
[Date "2010.10.17"]
[Round "1.2"]
[White "Piankov, Evgenij"]
[Black "Landenbergue, Claude"]
[Result "1/2-1/2"]
[WhiteElo "2341"]
[BlackElo "2410"]
[PlyCount "144"]
[EventDate "2010.10.17"]
[EventType "team-tourn"]
[EventRounds "11"]
[EventCountry "FRA"]
[SourceTitle "EXT 2012"]
[Source "ChessBase"]
[SourceDate "2011.11.24"]
[SourceVersion "1"]
[SourceVersionDate "2011.11.24"]
[SourceQuality "1"]

1. d4 d6 2. Nf3 Bg4 3. Bg5 Bxf3 4. exf3 c6 5. c3 Nd7 6. Bc4 Ngf6 7. 0-0 e6 8. Nd2 d5 9. Bd3 Bd6 10. Qc2 h6 11. Bh4 0-0 12. Rfe1 Qc7 13. Bg3 c5 14. Bxd6 Qxd6 15. dxc5 Nxc5 16. Bf1 Rac8 17. Nb3 a6 18. Rad1 Na4 19. Nd4 b5 20. a3 Nd7 21. g3 Rfe8 22. f4 Ndb6 23. Nf3 Qc7 24. Ne5 Rcd8 25. Nf3 Qc5 26. Re3 Nc4 27. Bxc4 dxc4 28. Re2 Qc8 29. Red2 Nc5 30. Rd4 Qc7 31. Qd2 Rxd4 32. Qxd4 Nd3 33. b4 Rd8 34. Qe3 Rd5 35. Rd2 Qd6 36. Kf1 a5 37. Ne1 axb4 38. axb4 Nxb4 39. Rb2 Nd3 40. Rb1 Qa3 41. Nxd3 cxd3 42. Qd2 Qa4 43. Rb4 Qa1+ 44. Kg2 Qa8 45. Kg1 Qc6 46. Rb1 g6 47. Rd1 Qc4 48. h3 h5 49. Kh2 Qb3 50. Re1 Qc4 51. Re3 h4 52. Kg2 hxg3 53. fxg3 Rd8 54. h4 Qd5+ 55. Kh2 Rd7 56. Re5 Qf3 57. Rxb5 Ra7 58. Qg2 Qd1 59. Rb2 Qc1 60. Qd2 Ra1 61. Qxc1 Rxc1 62. Rb8+ Kg7 63. Rd8 Rxc3 64. Kg2 Kf6 65. g4 Ke7 66. Rd4 e5 67. fxe5 Ke6 68. h5 gxh5 69. gxh5 Kxe5 70. Rd8 Rc6 71. Rxd3 Rh6 72. Re3+ Kf4 1/2-1/2

[Event "SUI-chT"]
[Site "Switzerland"]
[Date "2010.03.21"]
[Round "2.2"]
[White "Landenbergue, Claude"]
[Black "Kortschnoj, Viktor Lvovich"]
[Result "0-1"]
[WhiteElo "2415"]
[BlackElo "2566"]
[PlyCount "58"]
[EventDate "2010.02.14"]
[EventType "team-tourn"]
[EventRounds "9"]
[EventCountry "SUI"]
[SourceTitle "EXT 2011"]
[Source "ChessBase"]
[SourceDate "2010.11.26"]
[SourceVersion "1"]
[SourceVersionDate "2010.11.26"]
[SourceQuality "1"]
[WhiteTeam "Geneve"]
[BlackTeam "Zuerich"]
[WhiteTeamCountry "SUI"]
[BlackTeamCountry "SUI"]

1. e4 e5 2. Bc4 Nf6 3. d3 Nc6 4. Nf3 Be7 5. 0-0 0-0 6. Re1 d6 7. a4 Bg4 8. h3 Be6 9. Nc3 Bxc4 10. dxc4 a5 11. Be3 Nb4 12. Qe2 Nd7 13. Red1 b6 14. Qd2 Kh8 15. Nd5 Nxd5 16. Qxd5 Rc8 17. Qc6 f5 18. exf5 Rxf5 19. Nd2 Nf8 20. Ne4 Ne6 21. Rd3 Qe8 22. Qd5 Qg6 23. Qb7 Rcf8 24. Re1 Bh4 25. Qd5 R5f7 26. Re2 Rf4 27. Nc3 R4f5 28. Qe4 Bg5 29. Bxg5 Nc5 0-1